| 000 | 00503nam a2200193 a 4500 | ||
|---|---|---|---|
| 001 | 23339 | ||
| 003 | CO-ViMGA | ||
| 008 | 141112s2004 ck r 000 u spa d | ||
| 020 | _a9788480862202 | ||
| 040 |
_aCO-ViMGA _bspa _cCO-ViMGA |
||
| 082 | 0 | 4 | _a636.1 C519a |
| 100 | 1 |
_aClayton, Hilary _933660 |
|
| 245 | 1 | 0 | _aAnatomia Clinica Del caballo |
| 260 |
_aEspaƱa : _bElsevier Mosby |
||
| 300 | _a122p. | ||
| 650 | 1 | 4 |
_aCABALLOS - ANATOMIA _933661 |
| 650 | 1 | 4 | _aCABALLOS - ENFERMEDADES |
| 942 |
_2ddc _cBK |
||
| 999 |
_c31560 _d31560 |
||